000 00255nam a2200085Ia 4500
245 0 _aMaking a difference : the changing the world handbook
100 _a CRONIN, Ali New York, 2009
_969421
942 _cBK
008 210818s9999 xx 000 0 und d
999 _c452693
_d452692